[Event "XIV American Continental-ch 2019"]
[Site "Sao Paulo"]
[Date "2019.07.10"]
[Round "8.6"]
[White "Hernandez Sanchez, Jairo Andres"]
[Black "Fier, Alexandr"]
[Result "0-1"]
[WhiteElo "2387"]
[BlackElo "2547"]
[Annotator "TA"]
[PlyCount "123"]
[EventDate "2019.07.05"]
[EventType "swiss"]
[EventCountry "BRA"]
[SourceTitle "playchess.com"]
[Source "ChessBase"]
[SourceQuality "1"]

{[%evp 16,123,22,13,20,14,25,3,36,33,33,32,46,32,55,36,36,25,59,52,49,31,29,30,31,27,15,-13,14,11,10,11,38,0,0,0,0,-33,-7,-31,-23,-28,0,0,0,-33,-21,-52,-51,-54,-48,-47,-35,-26,-37,-38,-19,-66,-73,-99,-98,-110,-104,-110,-100,-103,-108,-207,-207,-205,-168,-320,-320,-339,-339,-339,-311,-309,-307,-320,-320,-311,-293,-240,-240,-299,-289,-339,-326,-329,-328,-322,-339,-1159,-1131,-1138,-1138,-1128,-1105,-1068,-1061,-1000,-959,-952,-937,-854,-850,-1391,-1391,-1227]} 1. e4 c5 2. Nf3 Nc6 3. Bb5 d6 4. O-O Bd7 5. Re1 Nf6 6. c3 a6 7. Bf1 Bg4 8. h3 Bxf3 9. Qxf3 e6 {B51: Sicilian: Moscow Variation (3 Bb5+) without 3...Bd7} 10. Na3 (10. d3 Be7 11. Nd2 O-O 12. g3 d5 13. Qe2 b5 14. Bg2 Rb8 15. Nf3 Qb6 16. exd5 Nxd5 17. Ng5 Bxg5 18. Bxg5 {½-½ (31) Jones,G (2681)-Bu,X (2731) Astana 2019}) 10... Rc8 11. Nc2 Ne5 $146 {The position is equal.} ({Predecessor:} 11... d5 12. exd5 Nxd5 13. Rd1 g6 14. d4 cxd4 15. Nxd4 Nxd4 16. Rxd4 Bg7 17. Rd1 {1-0 (55) Abasov,N (2623)-Zhigalko,S (2616) Ankara 2018}) 12. Qd1 Qc7 13. d3 Be7 14. f4 Ned7 15. g4 h6 16. Bg2 b5 17. Be3 Nb6 18. Rc1 Nfd7 19. Bf2 e5 20. fxe5 dxe5 21. Qe2 Bg5 22. Rcd1 Bf4 23. Ne3 g6 24. d4 O-O 25. dxc5 Nxc5 26. Nd5 Nxd5 27. exd5 Qd6 28. Be3 e4 29. Bxf4 Qxf4 30. b4 Na4 31. Qxe4 Qxe4 32. Bxe4 Nxc3 33. Rd4 $1 Rfe8 $36 {[%mdl 2048] Black is more active.} ({Much weaker is} 33... Nxa2 $6 34. d6 $14) 34. Kf1 Rc4 35. Rxc4 bxc4 $15 {[%mdl 4096] Endgame KRB-KRN} 36. d6 {[#] d7 is the strong threat.} Rd8 ({But not} 36... Rxe4 $2 37. Rxe4 Nxe4 38. d7 $18) (36... Nxa2 $2 37. d7 $18) 37. Re3 Nxa2 38. Bd5 Nxb4 39. Bxc4 Rxd6 40. Rf3 Rd7 41. h4 (41. Ra3 $17 {might work better.}) 41... Kg7 $19 42. h5 g5 43. Kf2 $2 (43. Rf5) 43... a5 44. Ra3 Rd4 {[%mdl 64] [#] Double Attack} 45. Be2 Nc6 46. Kg3 {and the idea Bf3 leaves White hopeful.} Rb4 47. Bf3 Nd4 48. Bd1 Rb5 49. Ra4 Ne6 50. Be2 Re5 51. Bf3 Nc5 52. Ra3 a4 {[%cal Ba5a4,Ba4a3,Ba3a2][%mdl 32]} 53. Bd1 Re4 54. Rc3 $2 (54. Kf2) 54... Rd4 {Hoping for ...Ne4+.Black is clearly winning.} 55. Rxc5 Rxd1 {KR-KR} 56. Ra5 Rd3+ 57. Kg2 a3 58. Ra7 Rd2+ 59. Kf3 a2 60. Ra6 Rb2 61. Ke4 Rf2 62. Kd4 {Accuracy: White = 34%, Black = 69%.} 0-1

[Event "XIV American Continental-ch 2019"]
[Site "Sao Paulo"]
[Date "2019.07.10"]
[Round "8.7"]
[White "Quintiliano Pinto, Renato R."]
[Black "Gonzalez Vidal, Yuri"]
[Result "0-1"]
[WhiteElo "2443"]
[BlackElo "2547"]
[Annotator "ChessBase"]
[PlyCount "72"]
[EventDate "2019.07.05"]
[EventType "swiss"]
[EventCountry "BRA"]
[SourceTitle "playchess.com"]
[Source "ChessBase"]
[SourceQuality "1"]
[TimeControl "40/5400+30:1800+30"]

1. d4 {[%emt 0:05:13]} Nf6 {[%emt 0:00:00]} 2. c4 {[%emt 0:00:07]} e6 {[%emt 0:00:02]} 3. Nf3 {[%emt 0:00:09]} d5 {[%emt 0:00:19]} 4. Nc3 {[%emt 0:00:31]} Bb4 {[%emt 0:00:35]} 5. Qa4+ {[%emt 0:00:54]} Nc6 {[%emt 0:00:21]} 6. e3 {[%emt 0:00:13]} O-O {[%emt 0:00:33]} 7. Bd2 {[%emt 0:00:15]} Re8 {[%emt 0:02:48]} 8. Qc2 {[%emt 0:01:45]} a6 {[%emt 0:01:00]} 9. Rd1 {[%emt 0:11:50]} h6 {[%emt 0:02:11]} 10. h3 {[%emt 0:05:08]} Bd6 {[%emt 0:00:36]} 11. a3 {[%emt 0:10:42]} dxc4 {[%emt 0:07:20]} 12. Bxc4 {[%emt 0:00:20]} e5 {[%emt 0:15:59]} 13. d5 {[%emt 0:00:57]} Ne7 {[%emt 0:11:53]} 14. e4 {[%emt 0:09:09]} Ng6 {[%emt 0:01:16]} 15. Be3 {[%emt 0:02:25]} Bd7 {[%emt 0:03:10]} 16. Nd2 {[%emt 0:06:33]} Qe7 {[%emt 0:02:39]} 17. Be2 {[%emt 0:04:14]} Nf4 {[%emt 0:04:39]} 18. Bf1 {[%emt 0:00:11]} c6 {[%emt 0:09:53]} 19. dxc6 {[%emt 0:09:37]} Bxc6 {[%emt 0:00:11]} 20. Nc4 {[%emt 0:00:13]} Bc7 {[%emt 0:03:00]} 21. b4 {[%emt 0:11:55]} Rad8 {[%emt 0:03:35]} 22. Rxd8 {[%emt 0:04:09]} Rxd8 {[%emt 0:00:23]} 23. g3 {[%emt 0:00:15]} Qd7 {[%emt 0:10:31]} 24. gxf4 {[%emt 0:08:35]} exf4 {[%emt 0:03:27]} 25. Bb6 {[%emt 0:00:49]} Bxb6 {[%emt 0:01:33]} 26. Nxb6 {[%emt 0:00:33]} Qd4 {[%emt 0:00:16]} 27. Bg2 {[%emt 0:04:22]} Qxb6 {[%emt 0:00:59]} 28. O-O {[%emt 0:00:06]} Rd4 {[%emt 0:02:15]} 29. Re1 {[%emt 0:00:47]} Qd8 {[%emt 0:01:28]} 30. Qc1 {[%emt 0:01:42]} Rd3 {[%emt 0:04:09]} 31. Bf1 {[%emt 0:00:39]} Rd2 {[%emt 0:00:30]} 32. Re2 {[%emt 0:00:50]} Rxe2 {[%emt 0:01:29]} 33. Bxe2 {[%emt 0:00:03]} Qd4 {[%emt 0:01:08]} 34. Bf3 {[%emt 0:00:06]} Qd3 {[%emt 0:00:51]} 35. Bg2 {[%emt 0:00:03]} f3 {[%emt 0:01:08]} 36. Bf1 {[%emt 0:00:02]} Qd4 {[%emt 0:00:07]} 0-1

[Event "XIV American Continental-ch 2019"]
[Site "Sao Paulo"]
[Date "2019.07.10"]
[Round "8.8"]
[White "Leitao, Rafael"]
[Black "Escalante Ramirez, Brian Sebasti"]
[Result "1/2-1/2"]
[WhiteElo "2616"]
[BlackElo "2447"]
[Annotator "ChessBase"]
[PlyCount "93"]
[EventDate "2019.07.05"]
[EventType "swiss"]
[EventCountry "BRA"]
[SourceTitle "playchess.com"]
[Source "ChessBase"]
[SourceQuality "1"]
[TimeControl "40/5400+30:1800+30"]

1. d4 {[%emt 0:03:34]} Nf6 {[%emt 0:00:00]} 2. c4 {[%emt 0:00:05]} g6 {[%emt 0:00:00]} 3. Nc3 {[%emt 0:00:04]} Bg7 {[%emt 0:00:00]} 4. e4 {[%emt 0:00:10]} d6 {[%emt 0:00:00]} 5. h3 {[%emt 0:00:24]} O-O {[%emt 0:00:13]} 6. Be3 {[%emt 0:00:23]} c5 {[%emt 0:00:36]} 7. Nf3 {[%emt 0:02:03]} cxd4 {[%emt 0:17:12]} 8. Nxd4 {[%emt 0:00:49]} Nc6 {[%emt 0:00:02]} 9. Be2 {[%emt 0:01:25]} Bd7 {[%emt 0:00:07]} 10. O-O {[%emt 0:00:45]} Nxd4 {[%emt 0:00:32]} 11. Bxd4 {[%emt 0:00:08]} Bc6 {[%emt 0:00:15]} 12. Qc2 {[%emt 0:00:17]} a5 {[%emt 0:01:24]} 13. Rad1 {[%emt 0:01:20]} Qc7 {[%emt 0:05:56]} 14. b3 {[%emt 0:12:23]} b5 {[%emt 0:08:56]} 15. cxb5 {[%emt 0:10:24]} Bxe4 {[%emt 0:00:07]} 16. Bd3 {[%emt 0:00:18]} Bb7 {[%emt 0:03:16]} 17. Bxf6 {[%emt 0:02:22]} Bxf6 {[%emt 0:00:07]} 18. Nd5 {[%emt 0:00:35]} Qxc2 {[%emt 0:00:10]} 19. Nxf6+ {[%emt 0:00:07]} Kg7 {[%emt 0:00:07]} 20. Nh5+ {[%emt 0:01:04]} gxh5 {[%emt 0:02:33]} 21. Bxc2 {[%emt 0:00:05]} Rfc8 {[%emt 0:01:52]} 22. Bd3 {[%emt 0:00:25]} a4 {[%emt 0:08:14]} 23. Rfe1 {[%emt 0:14:59]} axb3 {[%emt 0:01:25]} 24. axb3 {[%emt 0:00:05]} Kf6 {[%emt 0:41:22]} 25. Bxh7 {[%emt 0:04:22]} d5 {[%emt 0:00:01]} 26. f4 {[%emt 0:06:26]} Ra2 {[%emt 0:04:24]} 27. Bd3 {[%emt 0:01:09]} Rc3 {[%emt 0:00:48]} 28. Bf1 {[%emt 0:22:34]} Rxb3 29. Rc1 {[%emt 0:02:47]} d4 {[%emt 0:01:38]} 30. Rc7 {[%emt 0:00:20]} Bxg2 {[%emt 0:02:51]} 31. Bc4 {[%emt 0:02:07]} Rc3 {[%emt 0:00:01]} 32. Bxa2 {[%emt 0:02:36]} Rxc7 {[%emt 0:00:01]} 33. Kxg2 {[%emt 0:00:19]} Rc2+ {[%emt 0:00:15]} 34. Kf3 {[%emt 0:00:12]} Rxa2 {[%emt 0:00:02]} 35. Rb1 {[%emt 0:00:07]} Kf5 {[%emt 0:01:26]} 36. b6 {[%emt 0:00:07]} Ra3+ {[%emt 0:00:03]} 37. Ke2 {[%emt 0:00:42]} Ra8 {[%emt 0:02:00]} 38. b7 {[%emt 0:00:15]} Rb8 {[%emt 0:00:01]} 39. Kf3 {[%emt 0:04:36]} f6 {[%emt 0:00:51]} 40. Rb5+ {[%emt 0:00:45]} e5 {[%emt 0:00:05]} 41. fxe5 {[%emt 0:30:10]} fxe5 {[%emt 0:30:02]} 42. h4 {[%emt 0:00:07]} d3 {[%emt 0:01:15]} 43. Ke3 {[%emt 0:00:58]} Kg4 {[%emt 0:00:00]} 44. Kxd3 {[%emt 0:00:00]} Kxh4 {[%emt 0:00:00]} 45. Ke4 {[%emt 0:00:00]} Kg3 {[%emt 0:00:00]} 46. Kxe5 {[%emt 0:00:00]} h4 {[%emt 0:00:00]} 47. Kd6 {[%emt 0:00:00]} 1/2-1/2

[Event "XIV American Continental-ch 2019"]
[Site "Sao Paulo"]
[Date "2019.07.10"]
[Round "8.9"]
[White "Mieles Palau, Daniel"]
[Black "Mecking, Henrique"]
[Result "1/2-1/2"]
[WhiteElo "2359"]
[BlackElo "2576"]
[Annotator "RC"]
[PlyCount "57"]
[EventDate "2019.07.05"]
[EventType "swiss"]
[EventCountry "BRA"]
[TimeControl "40/5400+30:1800+30"]

1. c4 {[%emt 0:00:00]} Nf6 {[%emt 0:02:53]} 2. Nf3 {[%emt 0:00:43]} g6 {[%emt 0:00:14]} 3. b3 {[%emt 0:01:19]} Bg7 {[%emt 0:00:09]} 4. Bb2 {[%emt 0:00:10]} c5 {[%emt 0:00:51]} 5. g3 {[%emt 0:01:52]} b6 {[%emt 0:01:00]} 6. Bg2 {[%emt 0:00:44]} Bb7 {[%emt 0:00:05]} 7. O-O {[%emt 0:02:14]} O-O {[%emt 0:00:08]} 8. d4 {[%emt 0:03:02]} cxd4 {[%emt 0:00:50]} 9. Qxd4 {[%emt 0:00:18]} d6 {[%emt 0:00:57]} 10. Nc3 {[%emt 0:01:19]} Ne4 {[%emt 0:11:29]} 11. Qe3 {[%emt 0:00:58]} Nxc3 {[%emt 0:00:03]} 12. Bxc3 {[%emt 0:00:06]} Bxc3 {[%emt 0:00:04]} 13. Qxc3 {[%emt 0:00:06]} Nd7 {[%emt 0:00:11]} 14. Nh4 {[%emt 0:01:24]} Qc7 {[%emt 0:01:07]} 15. Rfd1 {[%emt 0:10:59]} Nf6 {[%emt 0:06:49]} 16. Rac1 {[%emt 0:05:12]} Rac8 {[%emt 0:00:34]} 17. Qe3 {[%emt 0:15:31]} Rfe8 {[%emt 0:06:14]} 18. b4 {[%emt 0:06:20]} Bxg2 {[%emt 0:03:20]} 19. Nxg2 {[%emt 0:00:14]} Qb7 {[%emt 0:00:19]} 20. Rd4 {[%emt 0:09:42]} d5 {[%emt 0:07:48]} 21. cxd5 {[%emt 0:04:36]} Nxd5 {[%emt 0:01:16]} 22. Rxc8 {[%emt 0:01:31]} Rxc8 {[%emt 0:00:05]} 23. Qd2 {[%emt 0:00:04]} Nf6 {[%emt 0:01:20]} 24. Ne3 {[%emt 0:02:54]} h5 {[%emt 0:11:12]} 25. f3 {[%emt 0:05:09]} Qc7 {[%emt 0:12:27]} 26. Rc4 {[%emt 0:01:26]} Qb7 {[%emt 0:00:21]} 27. Rd4 {[%emt 0:00:07]} Qc7 {[%emt 0:02:11]} 28. Rc4 {[%emt 0:00:05]} Qb7 {[%emt 0:00:16]} 29. Rd4 {[%emt 0:00:07]} 1/2-1/2

[Event "XIV American Continental-ch 2019"]
[Site "Sao Paulo"]
[Date "2019.07.11"]
[Round "8.10"]
[White "Languidey, Simon Alejandro"]
[Black "Lima, Darcy"]
[Result "0-1"]
[WhiteElo "2427"]
[BlackElo "2543"]
[Annotator "ChessBase"]
[PlyCount "102"]
[EventDate "2019.07.05"]
[EventType "swiss"]
[EventCountry "BRA"]
[SourceTitle "playchess.com"]
[Source "ChessBase"]
[SourceQuality "1"]
[TimeControl "40/5400+30:1800+30"]

1. e4 {[%emt 0:00:00]} e5 {[%emt 0:02:48]} 2. Nf3 {[%emt 0:00:00]} Nc6 {[%emt 0:00:12]} 3. Bb5 {[%emt 0:00:00]} Nf6 {[%emt 0:00:19]} 4. Qe2 {[%emt 0:00:03]} Bc5 {[%emt 0:05:47]} 5. c3 {[%emt 0:01:04]} O-O {[%emt 0:01:12]} 6. O-O {[%emt 0:00:12]} d6 {[%emt 0:06:06]} 7. d3 {[%emt 0:00:31]} Qe7 {[%emt 0:15:14]} 8. Bg5 {[%emt 0:15:07]} h6 {[%emt 0:01:25]} 9. Bh4 {[%emt 0:00:31]} Nb8 {[%emt 0:00:43]} 10. Nbd2 {[%emt 0:03:51]} c6 {[%emt 0:02:52]} 11. Ba4 {[%emt 0:00:55]} Nbd7 {[%emt 0:02:30]} 12. b4 {[%emt 0:07:02]} Bb6 {[%emt 0:00:17]} 13. Bb3 {[%emt 0:05:01]} Re8 {[%emt 0:00:39]} 14. Nc4 {[%emt 0:02:10]} Bc7 {[%emt 0:00:05]} 15. Ne3 {[%emt 0:00:11]} Nf8 {[%emt 0:00:13]} 16. Bg3 {[%emt 0:08:25]} Nh5 {[%emt 0:05:58]} 17. Nxe5 {[%emt 0:05:29]} Nxg3 {[%emt 0:00:30]} 18. fxg3 {[%emt 0:00:28]} Qxe5 {[%emt 0:16:33]} 19. Bxf7+ {[%emt 0:00:18]} Kh8 {[%emt 0:00:03]} 20. Bxe8 {[%emt 0:01:04]} Qxe8 {[%emt 0:00:03]} 21. d4 {[%emt 0:04:15]} Be6 {[%emt 0:00:30]} 22. Rae1 {[%emt 0:00:44]} Qd7 {[%emt 0:01:08]} 23. Kh1 {[%emt 0:05:58]} Re8 {[%emt 0:01:01]} 24. Qh5 {[%emt 0:02:10]} Kg8 {[%emt 0:06:14]} 25. c4 {[%emt 0:04:55]} Bf7 {[%emt 0:01:35]} 26. Qf3 {[%emt 0:01:09]} Nh7 {[%emt 0:01:45]} 27. h4 {[%emt 0:04:57]} Bd8 {[%emt 0:04:24]} 28. d5 {[%emt 0:04:46]} Bg6 {[%emt 0:03:57]} 29. Nf5 {[%emt 0:04:03]} cxd5 {[%emt 0:00:06]} 30. cxd5 {[%emt 0:00:44]} Bf6 {[%emt 0:08:59]} 31. Qf2 {[%emt 0:03:44]} Bc3 {[%emt 0:06:07]} 32. Re2 {[%emt 0:06:19]} Nf6 {[%emt 0:00:25]} 33. Qf3 {[%emt 0:03:36]} Be5 {[%emt 0:01:31]} 34. g4 {[%emt 0:02:35]} Rc8 {[%emt 0:00:39]} 35. g5 {[%emt 0:02:07]} Bh5 {[%emt 0:01:06]} 36. Qf2 {[%emt 0:00:53]} Bxe2 {[%emt 0:01:21]} 37. Qxe2 {[%emt 0:00:07]} hxg5 {[%emt 0:00:57]} 38. hxg5 {[%emt 0:00:08]} Nh7 {[%emt 0:01:28]} 39. Qg4 {[%emt 0:01:39]} Rc7 {[%emt 0:00:22]} 40. Qh5 {[%emt 0:01:36]} Qb5 {[%emt 0:01:56]} 41. Kg1 {[%emt 0:31:08]} Nf8 {[%emt 0:15:08]} 42. g6 {[%emt 0:00:00]} Bf6 {[%emt 0:00:24]} 43. Nh6+ {[%emt 0:00:00]} gxh6 {[%emt 0:00:06]} 44. Rxf6 {[%emt 0:00:00]} Qb6+ {[%emt 0:08:26]} 45. Kh2 {[%emt 0:00:00]} Qd4 {[%emt 0:00:07]} 46. Rf5 {[%emt 0:00:00]} Qg7 {[%emt 0:01:14]} 47. e5 {[%emt 0:00:00]} dxe5 {[%emt 0:00:27]} 48. Qf3 {[%emt 0:00:00]} Nxg6 {[%emt 0:00:38]} 49. d6 {[%emt 0:00:00]} Rd7 {[%emt 0:00:23]} 50. Qd5+ {[%emt 0:00:00]} Kh7 {[%emt 0:00:06]} 51. Qe6 {[%emt 0:00:00]} Nf4 {[%emt 0:01:39]} 0-1

[Event "XIV American Continental-ch 2019"]
[Site "Sao Paulo"]
[Date "2019.07.10"]
[Round "8.11"]
[White "Barbosa, Evandro Amorim"]
[Black "Garcia Cardenas, Pablo"]
[Result "1-0"]
[WhiteElo "2506"]
[BlackElo "2443"]
[Annotator "ChessBase"]
[PlyCount "55"]
[EventDate "2019.07.05"]
[EventType "swiss"]
[EventCountry "BRA"]
[SourceTitle "playchess.com"]
[Source "ChessBase"]
[SourceQuality "1"]
[TimeControl "40/5400+30:1800+30"]

1. e4 {[%emt 0:04:27]} e5 {[%emt 0:00:00]} 2. Nf3 {[%emt 0:00:15]} Nc6 {[%emt 0:00:00]} 3. Bb5 {[%emt 0:01:07]} a6 {[%emt 0:00:00]} 4. Ba4 {[%emt 0:00:10]} Nf6 {[%emt 0:00:00]} 5. O-O {[%emt 0:00:28]} b5 {[%emt 0:00:03]} 6. Bb3 {[%emt 0:00:08]} Bc5 {[%emt 0:00:04]} 7. c3 {[%emt 0:00:43]} d6 8. d4 {[%emt 0:00:29]} Bb6 {[%emt 0:00:46]} 9. a4 {[%emt 0:00:42]} Rb8 {[%emt 0:00:06]} 10. a5 {[%emt 0:00:39]} Ba7 {[%emt 0:00:30]} 11. h3 {[%emt 0:00:30]} O-O {[%emt 0:08:51]} 12. Be3 {[%emt 0:00:59]} Ra8 13. Nbd2 {[%emt 0:01:35]} h6 {[%emt 0:14:07]} 14. Re1 {[%emt 0:02:03]} Re8 {[%emt 0:01:02]} 15. Nf1 {[%emt 0:01:57]} exd4 {[%emt 0:02:25]} 16. cxd4 {[%emt 0:00:40]} Nb4 {[%emt 0:17:23]} 17. Qd2 {[%emt 0:14:28]} c5 {[%emt 0:00:53]} 18. Ng3 {[%emt 0:01:24]} Bb7 {[%emt 0:16:45]} 19. Bxh6 {[%emt 0:21:36]} Nxe4 {[%emt 0:00:24]} 20. Rxe4 Bxe4 21. Bxg7 {[%emt 0:19:04]} Kxg7 {[%emt 0:16:40]} 22. Nh5+ {[%emt 0:00:11]} Kf8 {[%emt 0:02:18]} 23. Qh6+ {[%emt 0:00:44]} Ke7 {[%emt 0:00:05]} 24. Bxf7 {[%emt 0:00:40]} Kd7 25. Bxe8+ {[%emt 0:04:02]} Kc7 {[%emt 0:12:25]} 26. Qg7+ {[%emt 0:01:11]} Kb8 {[%emt 0:00:17]} 27. Re1 {[%emt 0:06:24]} d5 {[%emt 0:03:08]} 28. Bg6 {[%emt 0:02:54]} 1-0

[Event "XIV American Continental-ch 2019"]
[Site "Sao Paulo"]
[Date "2019.07.10"]
[Round "8.12"]
[White "Duran Vega, Sergio"]
[Black "Di Berardino, Diego Rafael"]
[Result "1-0"]
[WhiteElo "2364"]
[BlackElo "2506"]
[Annotator "ChessBase"]
[PlyCount "59"]
[EventDate "2019.07.05"]
[EventType "swiss"]
[EventCountry "BRA"]
[SourceTitle "playchess.com"]
[Source "ChessBase"]
[SourceQuality "1"]
[TimeControl "40/5400+30:1800+30"]

1. d4 {[%emt 0:00:00]} Nf6 {[%emt 0:00:00]} 2. c4 {[%emt 0:00:00]} g6 {[%emt 0:00:41]} 3. g3 {[%emt 0:00:21]} Bg7 {[%emt 0:00:30]} 4. Bg2 {[%emt 0:00:19]} d5 {[%emt 0:00:35]} 5. cxd5 {[%emt 0:00:18]} Nxd5 {[%emt 0:00:06]} 6. e4 {[%emt 0:00:15]} Nb6 {[%emt 0:00:29]} 7. Ne2 {[%emt 0:00:04]} c5 {[%emt 0:00:55]} 8. d5 {[%emt 0:00:14]} O-O {[%emt 0:00:09]} 9. O-O {[%emt 0:00:09]} e6 {[%emt 0:00:13]} 10. Nbc3 {[%emt 0:00:33]} Na6 {[%emt 0:01:35]} 11. Nf4 {[%emt 0:00:18]} e5 {[%emt 0:00:31]} 12. Nh3 {[%emt 0:00:59]} Nc4 {[%emt 0:03:44]} 13. Qe2 {[%emt 0:00:45]} Nd6 {[%emt 0:01:20]} 14. f4 {[%emt 0:01:07]} Bxh3 {[%emt 0:15:34]} 15. Bxh3 {[%emt 0:00:06]} c4 {[%emt 0:00:02]} 16. f5 {[%emt 0:09:18]} Nc5 {[%emt 0:07:45]} 17. Qf3 {[%emt 0:18:15]} Nd3 {[%emt 0:15:13]} 18. f6 {[%emt 0:15:11]} Bh8 {[%emt 0:00:04]} 19. Nd1 {[%emt 0:24:34]} Nb5 {[%emt 0:23:08]} 20. Bg5 {[%emt 0:05:45]} Nd4 {[%emt 0:00:17]} 21. Qg2 {[%emt 0:02:15]} h6 {[%emt 0:06:40]} 22. Bxh6 {[%emt 0:01:55]} Bxf6 {[%emt 0:00:03]} 23. Bxf8 {[%emt 0:02:05]} Kxf8 {[%emt 0:00:04]} 24. Ne3 {[%emt 0:03:51]} b5 {[%emt 0:00:51]} 25. Be6 {[%emt 0:00:22]} Kg7 {[%emt 0:05:08]} 26. Ng4 {[%emt 0:04:31]} fxe6 {[%emt 0:09:35]} 27. Rxf6 {[%emt 0:00:03]} Qe7 {[%emt 0:01:29]} 28. Raf1 {[%emt 0:01:23]} Rh8 {[%emt 0:00:33]} 29. dxe6 {[%emt 0:06:32]} Nxe6 {[%emt 0:00:08]} 30. Rf7+ {[%emt 0:00:47]} 1-0

[Event "XIV American Continental-ch 2019"]
[Site "Sao Paulo"]
[Date "2019.07.11"]
[Round "8.13"]
[White "Salinas Herrera, Pablo"]
[Black "Proudian, Armen"]
[Result "1-0"]
[WhiteElo "2498"]
[BlackElo "2429"]
[Annotator "TA"]
[PlyCount "65"]
[EventDate "2019.07.05"]
[EventType "swiss"]
[EventCountry "BRA"]
[SourceTitle "playchess.com"]
[Source "ChessBase"]
[SourceQuality "1"]

{[%evp 18,149,29,24,23,26,29,29,35,0,5,0,0,-4,-18,-5,63,0,1,14,17,-31,-20,-26,7,0,0,-53,0,0,396,-113,-138,-116,0,0,0,0,0,0,0,0,0,0,0,0,15,37,62,51,51,44,42,50,35,0,-12,-59,-60,-60,-47,-53,23,22,31,29,66,0,0,0,0,0,0,0,8,0,0,0,0,0,0,0,0,0,0,0,37,37,37,37,36,32,73,69,69,69,69,70,72,68,68,61,64,52,54,54,70,54,69,69,69,69,69,69,68,68,69,70,68,68,2314,818,1670,1639,5165,5147,29960,4882,29961,2665,700,670,4934,670]} 1. d4 Nf6 2. c4 e6 3. Nf3 d5 4. Nc3 Bb4 5. cxd5 exd5 6. Bg5 h6 7. Bh4 g5 8. Bg3 Ne4 9. Nd2 Nxg3 10. hxg3 c6 {D38: Queen's Gambit Declined: Ragozin Defence (4 Nf3 Bb4)} 11. a3 (11. e4 Qe7 12. Qb3 dxe4 13. a3 e3 14. Qxb4 exd2+ 15. Kxd2 Qxb4 16. axb4 Kf8 17. b5 Kg7 18. Na4 {1-0 (87) Lysyj,I (2655)-Moiseenko,A (2712) Yerevan 2014}) 11... Be7 12. e4 Be6 {White has an edge.} 13. e5 $146 ({Predecessor:} 13. Qc2 Nd7 14. exd5 cxd5 15. Bd3 Rc8 16. f4 gxf4 17. gxf4 Nf6 18. O-O {½-½ (34) Isigkeit,H (2420)-Vlasveld,W (2439) ICCF email 2007}) 13... Nd7 {[%cal Bb8d7,Bd7b6,Bb6c4][%mdl 32]} 14. Nb3 a5 {[%cal Ba7a5,Ba5a4][%mdl 32]} 15. Bd3 a4 16. Nc1 $1 b5 (16... Qb6 $11 17. N1e2 Qxb2) 17. N1e2 (17. f4 $1 $14 Qb6 18. Bc2) 17... Nb6 $11 18. Qc2 Nc4 19. O-O Qb6 20. Bxc4 dxc4 21. Rad1 O-O-O $1 22. d5 (22. Qe4 $11) 22... Bxd5 (22... cxd5 $15 23. Nd4 Bc5 24. Ndxb5 Kb8) 23. Nd4 $1 Bxg2 $2 {[%mdl 8192]} (23... Qc5 $11) 24. Nf5 $2 (24. Kxg2 $18 Rxd4 25. Qf5+ Kb8 26. Rxd4 Qxd4 27. Rd1) 24... Bxf1 $17 25. Nxe7+ {[#]} Kb7 (25... Kc7 $1 $17 26. Kxf1 Rxd1+ 27. Nxd1 (27. Qxd1 Qc5 $17 {[%mdl 64] Double Attack}) 27... Qd4) 26. Kxf1 $11 Qc5 27. Nf5 $36 {[%mdl 2048] White has good play.} Qxe5 28. Re1 Qc5 29. Re7+ {[%mdl 64] Double Attack} Ka6 30. Qe4 Rd2 {[%csl Gd2][%cal Rc5f2][%mdl 64] Double Attack} 31. Ne3 f5 ({Avoid the trap} 31... Rxb2 $2 32. Rc7 $18) 32. Qe6 f4 {[#]} ({Don't blunder} 32... Rxb2 $2 {[#]} 33. Rc7 $1 $18 {[%mdl 512]}) 33. Rc7 {Played: Nc3-e4} 1-0

[Event "XIV American Continental-ch 2019"]
[Site "Sao Paulo"]
[Date "2019.07.10"]
[Round "8.14"]
[White "Acosta, Pablo Alejandro"]
[Black "Hambleton, Aman"]
[Result "1/2-1/2"]
[WhiteElo "1992"]
[BlackElo "2487"]
[Annotator "TA"]
[PlyCount "43"]
[EventDate "2019.07.05"]
[EventType "swiss"]
[EventCountry "BRA"]
[SourceTitle "playchess.com"]
[Source "ChessBase"]
[SourceQuality "1"]

{[%evp 12,43,51,45,55,54,47,43,47,50,40,43,53,20,71,59,61,18,35,-32,-20,-21,-21,-4,-5,-14,0,0,39,39,96,97,85,72]} 1. e4 c5 2. Nf3 e6 3. d4 cxd4 4. Nxd4 a6 5. Bd3 Qb6 6. Nb3 Qc7 7. O-O d6 {B42: Sicilian: Kan Variation: 5 Bd3} (7... Nf6 8. c4 d6 9. Nc3 Nbd7 10. Be3 b6 11. Rc1 Bb7 12. Qd2 Be7 13. Rfd1 O-O 14. f3 Rac8 15. Bf1 Rfe8 16. Qf2 Bd8 17. h3 {1-0 (48) Malakhov,V (2699)-Erdos,V (2621) Bol 2014}) 8. f4 Nd7 9. Qe2 Ngf6 {White is slightly better.} 10. c4 b6 11. Nc3 Bb7 12. f5 $146 ({Predecessor:} 12. Bd2 Be7 13. Rae1 h5 14. Nd4 h4 {0-1 (65) Colmenares,A (2390)-Forster,R (2460) Switzerland 2018}) 12... Ne5 (12... exf5 $11 {keeps the balance.} 13. Rxf5 Be7) 13. fxe6 $16 fxe6 14. Bf4 (14. Nd4 $5 {[%cal Rd4e6]}) 14... Be7 15. Kh1 (15. Nd4 $14 Qc8 16. Be3) 15... O-O $15 16. Rac1 Rac8 17. Bxe5 dxe5 18. c5 b5 {[%cal Bb6b5,Bb5b4][%mdl 32]} 19. a4 b4 20. Nb1 a5 ({Black should play} 20... Bc6 $14) 21. N1d2 $16 Bc6 22. Bb5 {Accuracy: White = 73%, Black = 26%.} 1/2-1/2